Sports Quiz

Random Sports or WWE Quiz

SummerSlam World Title Matches Quiz Stats

 Plays Quiz Updated Aug 23, 2016

Also try: Most WWE Belts
Challenge
Share
Tweet
Embed
Score 0/102 Timer 15:00
0 Plays Today
Year Wrestler % Correct
2005John Cena
95.2%
2006John Cena
95.2%
2007John Cena
95.2%
2009John Cena
95.2%
2011John Cena
95.2%
2012John Cena
95.2%
2013John Cena
94.9%
2014John Cena
94.7%
2015John Cena
94.7%
2000The Rock
94.4%
2001The Rock
94.4%
2002The Rock
94.4%
2004The Undertaker
93.1%
1999Triple H
93%
2000Triple H
93%
2003Triple H
93%
2008Triple H
93%
1997The Undertaker
93%
1998The Undertaker
93%
2003Randy Orton
89.8%
2004Randy Orton
89.8%
2007Randy Orton
89.8%
2009Randy Orton
89.8%
2010Randy Orton
89.8%
2011Randy Orton
89.8%
1998Stone Cold Steve Austin
89.5%
1999Stone Cold Steve Austin
89.5%
2001Stone Cold Steve Austin
89.5%
1996Shawn Michaels
89.4%
2003Shawn Michaels
89.4%
2013Randy Orton
89.1%
2010Kane
86.8%
2002Brock Lesnar
86.7%
2003Brock Lesnar
86.7%
Year Wrestler % Correct
2014Brock Lesnar
86.1%
2017Brock Lesnar
85.8%
2006The Big Show
84.8%
2012The Big Show
84.8%
1994Bret Hart
84.1%
1997Bret Hart
84.1%
2007CM Punk
83.7%
2008CM Punk
83.7%
2009CM Punk
83.7%
2011CM Punk
83.7%
2011CM Punk
83.7%
2012CM Punk
83.7%
2017Roman Reigns
83.5%
2006Edge
83.4%
2015Seth Rollins
83.2%
2016Seth Rollins
83.2%
1994Owen Hart
80.7%
2003Chris Jericho
80.5%
2005Chris Jericho
80.5%
2000Kurt Angle
79.4%
2001Kurt Angle
79.4%
2003Kurt Angle
79.4%
2005Batista
79%
2006Batista
79%
2007Batista
79%
1999Mankind
78.5%
2016Dean Ambrose
78.5%
1995Diesel
76.4%
2003Kevin Nash
76.4%
2009Christian
76%
2011Christian
76%
1992Randy Savage
75.9%
2004Chris Benoit
75.4%
2009Jeff Hardy
75%
Year Wrestler % Correct
2013Christian
74.7%
2013Daniel Bryan
74.6%
1990The Ultimate Warrior
73.7%
1992The Ultimate Warrior
73.7%
2010Rey Mysterio
73.1%
2008Matt Hardy
72.9%
2001Booker T
72%
2006King Booker
72%
2011Alberto Del Rio
71.8%
2012Alberto Del Rio
71.8%
2016Dolph Ziggler
70.6%
2013Alberto Del Rio
70.2%
2017Jinder Mahal
69.6%
2016Finn Bálor
68.9%
2017Braun Strowman
67.9%
2003Goldberg
67.2%
2010Sheamus
67.2%
2012Sheamus
67.2%
1993Yokozuna
66.8%
2004John Bradshaw Layfield
66.1%
2005John Bradshaw Layfield
66.1%
2008John Bradshaw Layfield
66.1%
2017Samoa Joe
63.2%
2017Shinsuke Nakamura
62.4%
2008Mark Henry
60.5%
1993Lex Luger
55.5%
2007The Great Khali
55.2%
2008The Great Khali
55.2%
2007John Morrison
50.9%
1996Vader
48.3%
1995King Mabel
48.1%
1990Rick Rude
48%
2006Sabu
43.3%
2009William Regal
29.6%

You're not logged in!

Compare scores with friends on all Sporcle quizzes.
Join for Free
OR
Log In

You Might Also Like...

Show Comments

Extras

Top Quizzes Today


Score Distribution

Your Account Isn't Verified!

In order to create a playlist on Sporcle, you need to verify the email address you used during registration. Go to your Sporcle Settings to finish the process.

Report this User

Report this user for behavior that violates our Community Guidelines.

Details: